[Event "XXXVII Olimpiadi femminile"]
[Site "Torino ITA"]
[Date "2006.05.28"]
[Round "7.3"]
[White "Velcheva, Maria"]
[Black "Hou, Yifan"]
[Result "1/2-1/2"]
[WhiteElo "2279"]
[BlackElo "2298"]
[Annotator "BUL-CHN"]
[PlyCount "220"]
[EventDate "2006.05.21"]

1. e4 c5 2. Nf3 d6 3. d4 cxd4 4. Nxd4 Nf6 5. Nc3 Nc6 6. Be2 e5 7. Nf3 h6 8. O-O
Be7 9. Re1 O-O 10. h3 Be6 11. Bf1 Nb8 12. b3 a6 13. a4 Nbd7 14. Bb2 Rc8 15. Nd2
Qc7 16. Nc4 Qc6 17. Qf3 Rfe8 18. Ne3 Bf8 19. Ncd5 Bxd5 20. exd5 Qc7 21. a5 g6
22. Nc4 Rcd8 23. Rad1 Bg7 24. Qe3 Nh5 25. Ba3 Bf8 26. g3 f5 27. Bg2 Kh7 28. Bf3
Nhf6 29. Qd2 Nc5 30. Qe3 Ncd7 31. Qd2 Nc5 32. Qe3 Nce4 33. Bg2 Qf7 34. Qd3 Be7
35. Re2 h5 36. Kh2 h4 37. gxh4 Nh5 38. Bc1 Nc5 39. Qd2 Nf4 40. Ree1 Bxh4 41. b4
Ne4 42. Bxe4 fxe4 43. Rxe4 Qf5 44. Qe3 Bxf2 45. Qf3 Nxd5 46. Qxf5 gxf5 47. Re2
Nc3 48. Rxf2 Nxd1 49. Rxf5 Rc8 50. Nxd6 Rxc2+ 51. Kg3 Rg8+ 52. Bg5 Rg6 53. Ne4
Rcc6 54. Rxe5 Rce6 55. Rxe6 Rxe6 56. Nc5 Rg6 57. Kf4 Nf2 58. h4 Nh3+ 59. Kf5
Nxg5 60. hxg5 Rg7 61. Ne6 Rf7+ 62. Ke5 Kg6 63. Kd6 Rf5 64. Nc5 Rf4 65. Nxb7
Rxb4 66. Nc5 Rb5 67. Nxa6 Rxa5 68. Nc5 Kxg5 69. Kd5 Kf5 70. Kd4 Ra8 71. Kd5
Rd8+ 72. Kc4 Ke5 73. Nd3+ Ke4 74. Nc5+ Ke3 75. Kc3 Rd4 76. Nb3 Rh4 77. Nc5 Rg4
78. Nb3 Ke4 79. Kc4 Ke5+ 80. Kc5 Rg2 81. Kc4 Rc2+ 82. Kd3 Rh2 83. Kc4 Rh4+ 84.
Kc5 Rh8 85. Kc4 Rc8+ 86. Kd3 Kd5 87. Nd2 Ra8 88. Nb3 Ra4 89. Kc3 Rh4 90. Nd2
Rh3+ 91. Kc2 Kc5 92. Nb3+ Kb4 93. Nd2 Re3 94. Nb1 Rb3 95. Nd2 Rc3+ 96. Kd1 Rd3
97. Kc2 Rd4 98. Nb1 Rh4 99. Nd2 Rh3 100. Nb1 Rg3 101. Nd2 Rc3+ 102. Kd1 Rc8
103. Ke2 Kc3 104. Ke3 Re8+ 105. Ne4+ Kc4 106. Kf4 Kd4 107. Nd6 Re1 108. Nf5+
Kd5 109. Ne3+ Kd4 110. Nf5+ Kd5 1/2-1/2

[Event "XXXVII Olimpiadi femminile"]
[Site "Torino ITA"]
[Date "2006.05.28"]
[Round "7.3"]
[White "Piarnpuu, Leili"]
[Black "Gara, Anita"]
[Result "0-1"]
[WhiteElo "2172"]
[BlackElo "2367"]
[Annotator "EST-HUN"]
[PlyCount "124"]
[EventDate "2006.05.21"]

1. Nf3 d5 2. d4 Nc6 3. c4 Bg4 4. Nc3 e6 5. cxd5 exd5 6. Bf4 Bxf3 7. gxf3 Bd6 8.
Bg3 Nge7 9. e3 O-O 10. Bd3 f5 11. Bxd6 Qxd6 12. f4 Rae8 13. Be2 Nc8 14. Qd2 Qe6
15. O-O-O Nd6 16. Kb1 Rb8 17. Bf3 Ne7 18. Rhg1 b5 19. Rg5 Nc4 20. Qe2 Qc6 21.
b3 Na3+ 22. Kb2 a5 23. Rc1 Qd6 24. Nxd5 Nxd5 25. Bxd5+ Qxd5 26. Kxa3 Qd6+ 27.
Rc5 c6 28. Qc2 g6 29. Kb2 a4 30. Rxc6 a3+ 31. Kb1 Qb4 32. Rg1 Rf7 33. Rc1 Kg7
34. Rc7 Rbf8 35. Rxf7+ Rxf7 36. Qc3 Qe7 37. d5+ Kh6 38. Qd2 Qe4+ 39. Ka1 Rd7
40. Rd1 Rc7 41. f3 Qxf3 42. d6 Rd7 43. Qe1 Qg2 44. Rd2 Qc6 45. Qd1 Qc3+ 46. Kb1
Rxd6 47. Qg1 Kg7 48. Rc2 Qd3 49. Kc1 Rd7 50. Qe1 Kf7 51. Rc3 Qe4 52. Rc5 Qg2
53. Rc2 Qf3 54. Rc5 Re7 55. Rc3 Qxf4 56. Qd2 Qe5 57. b4 Qe6 58. Rxa3 Rd7 59.
Rd3 Qc4+ 60. Rc3 Qf1+ 61. Kc2 Rxd2+ 62. Kxd2 Qf2+ 0-1

[Event "XXXVII Olimpiadi femminile"]
[Site "Torino ITA"]
[Date "2006.05.28"]
[Round "7.1"]
[White "Yanjindulam, Dulamsuren"]
[Black "Khurtsidze, Nino"]
[Result "0-1"]
[WhiteElo "2162"]
[BlackElo "2426"]
[Annotator "MGL-GEO"]
[PlyCount "44"]
[EventDate "2006.05.21"]

1. e4 c5 2. Nf3 Nc6 3. d4 cxd4 4. Nxd4 Qb6 5. Nb3 Nf6 6. Nc3 e6 7. Be3 Qc7 8.
Be2 a6 9. O-O Bb4 10. Bd3 Bxc3 11. bxc3 d5 12. exd5 Nxd5 13. Qg4 O-O 14. Bc5
Rd8 15. Qh4 h6 16. c4 Nf4 17. Bb6 Qxb6 18. Qxf4 e5 19. Qe4 f5 20. c5 Qxb3 21.
Qxc6 Qxd3 22. Qb6 Qd7 0-1

[Event "XXXVII Olimpiadi femminile"]
[Site "Torino ITA"]
[Date "2006.05.28"]
[Round "7.2"]
[White "Dzagnidze, Nana"]
[Black "Bayaraa, Zorigt"]
[Result "1-0"]
[WhiteElo "2454"]
[BlackElo "2102"]
[Annotator "MGL-GEO"]
[PlyCount "77"]
[EventDate "2006.05.21"]

1. d4 Nf6 2. c4 e6 3. Nf3 b6 4. Nc3 Bb4 5. Bg5 Bb7 6. Nd2 h6 7. Bh4 g5 8. Bg3
Bxc3 9. bxc3 Nh5 10. e4 Nxg3 11. hxg3 d6 12. Bd3 Nd7 13. O-O Qe7 14. Qa4 a5 15.
Rab1 e5 16. c5 dxc5 17. d5 O-O 18. c4 Nf6 19. Qc2 Rad8 20. Qc3 Nd7 21. Bc2 Bc8
22. Rbe1 Kh8 23. f4 f6 24. Nf3 Rf7 25. Ba4 Re8 26. Rf2 Rg7 27. fxe5 fxe5 28.
Ref1 Kg8 29. Ne1 Rf8 30. Bxd7 Rxf2 31. Bxc8 Rxf1+ 32. Kxf1 Qf6+ 33. Ke2 h5 34.
Be6+ Kh8 35. Nd3 h4 36. Qxe5 Qf8 37. gxh4 gxh4 38. Nf4 Qe8 39. Nh5 1-0

[Event "XXXVII Olimpiadi femminile"]
[Site "Torino ITA"]
[Date "2006.05.28"]
[Round "7.3"]
[White "Ankhchimeg, Bayanmunh"]
[Black "Lomineishvili, Maia"]
[Result "0-1"]
[WhiteElo "2252"]
[BlackElo "2395"]
[Annotator "MGL-GEO"]
[PlyCount "224"]
[EventDate "2006.05.21"]

1. e4 c5 2. Nf3 d6 3. d4 cxd4 4. Nxd4 Nf6 5. Nc3 Nc6 6. Bg5 e6 7. Qd2 Qb6 8.
Nb3 Be7 9. Bxf6 gxf6 10. O-O-O a6 11. f4 Bd7 12. Be2 h5 13. Kb1 O-O-O 14. Bf3
Kb8 15. h4 Na5 16. Nxa5 Qxa5 17. Ne2 Qc5 18. Qd4 Qxd4 19. Nxd4 Rc8 20. Rd2 Rc4
21. b3 Rc7 22. Ne2 Rc5 23. a3 a5 24. Nc1 a4 25. b4 Rc4 26. Ne2 Rg8 27. Nd4 e5
28. fxe5 fxe5 29. Nf5 Bxf5 30. exf5 Rg3 31. f6 Bf8 32. Bd5 Rf4 33. Bxf7 Rxa3
34. Kb2 Rg3 35. c3 Rxf6 36. Bxh5 a3+ 37. Kb3 Bh6 38. Re2 e4 39. Rd1 Rf5 40. Be8
d5 41. Bd7 Re5 42. Rc2 Rd3 43. Bg4 d4 44. Rxd3 exd3 45. Ra2 d2 46. cxd4 Re1 47.
Rxa3 d1=Q+ 48. Bxd1 Rxd1 49. Kc4 Rg1 50. Rg3 Rh1 51. Rg8+ Kc7 52. g3 Rc1+ 53.
Kd5 Rd1 54. Kc4 Be3 55. Rg7+ Kb8 56. Rg8+ Ka7 57. d5 Rd4+ 58. Kc3 Rxd5 59. g4
Rd1 60. h5 Rd5 61. Re8 Bd2+ 62. Kc4 Rg5 63. Re4 Kb6 64. Kd3 Rd5+ 65. Kc4 Rd6
66. Kb3 Kc6 67. Kc4 b5+ 68. Kb3 Bg5 69. Re5 Rd5 70. Re6+ Kd7 71. Rg6 Bf4 72. h6
Rd3+ 73. Kc2 Rh3 74. Rb6 Bxh6 75. Rxb5 Rg3 76. Rd5+ Kc6 77. Rh5 Bf8 78. b5+ Kb6
79. Rf5 Bc5 80. Rf4 Kxb5 81. Re4 Kc6 82. Kd2 Kd5 83. Ra4 Bd4 84. Ra5+ Ke4 85.
Kc2 Rc3+ 86. Kd2 Rg3 87. Kc2 Rxg4 88. Ra8 Rg2+ 89. Kb3 Kd3 90. Rc8 Rb2+ 91. Ka4
Bc3 92. Rg8 Rb4+ 93. Ka3 Rb5 94. Rg3+ Kc2 95. Rg2+ Bd2 96. Rg4 Ra5+ 97. Ra4 Rg5
98. Rh4 Rf5 99. Rg4 Rh5 100. Rc4+ Bc3 101. Rg4 Kd3 102. Ka4 Ra5+ 103. Kb3 Rb5+
104. Ka4 Rb8 105. Rh4 Kc2 106. Rg4 Kd3 107. Rh4 Bd4 108. Ka3 Kc4 109. Ka2 Rd8
110. Rg4 Ra8+ 111. Kb1 Rh8 112. Ka2 Rh1 0-1

[Event "XXXVII Olimpiadi femminile"]
[Site "Torino ITA"]
[Date "2006.05.28"]
[Round "7.1"]
[White "Fierro Baquero, Martha Lorena"]
[Black "Zimina, Olga"]
[Result "1/2-1/2"]
[WhiteElo "2294"]
[BlackElo "2404"]
[Annotator "ECU-ITA1"]
[PlyCount "128"]
[EventDate "2006.05.21"]

1. e4 c6 2. c4 d5 3. cxd5 cxd5 4. exd5 Nf6 5. Qa4+ Nbd7 6. Nc3 g6 7. Bc4 Bg7 8.
Nf3 O-O 9. d3 a6 10. Qa3 Qc7 11. O-O Ne5 12. Nxe5 Qxe5 13. h3 Rb8 14. Qb4 Bf5
15. a4 b5 16. axb5 axb5 17. Bb3 Qd6 18. Qh4 Bxd3 19. Re1 Rb7 20. Qd4 Bf5 21.
Bf4 Qd8 22. Be5 Ne8 23. g4 Bxe5 24. Rxe5 Bd7 25. Rae1 b4 26. Ne4 Bb5 27. Qe3
Nd6 28. Nc5 Rc7 29. Rxe7 Rxe7 30. Qxe7 Qb6 31. Ne4 Nxe4 32. Qxe4 Qc5 33. Qe3
Qd6 34. Qe5 Qa6 35. d6 Qc6 36. Qd5 Qxd5 37. Bxd5 Rd8 38. Rd1 Kg7 39. Bb3 Bd7
40. Rd4 Rb8 41. Re4 Rb6 42. Re7 Rxd6 43. Rxf7+ Kh8 44. g5 h6 45. gxh6 Bxh3 46.
Rb7 Bf5 47. h7 Rd7 48. Rxd7 Bxd7 49. Bg8 g5 50. Kh2 Bf5 51. Kg3 Bxh7 52. Bxh7
Kxh7 53. Kf3 Kg6 54. Ke4 Kf6 55. Kd4 Kf5 56. Kc4 Kf4 57. Kxb4 Kf3 58. Kc3 Kxf2
59. b4 g4 60. b5 g3 61. b6 g2 62. b7 g1=Q 63. b8=Q Qc1+ 64. Kd4 Qd2+ 1/2-1/2

[Event "XXXVII Olimpiadi femminile"]
[Site "Torino ITA"]
[Date "2006.05.28"]
[Round "7.2"]
[White "Ambrosi, Eleonora"]
[Black "Moncayo Romero, Evelyn"]
[Result "1/2-1/2"]
[WhiteElo "2136"]
[BlackElo "2261"]
[Annotator "ECU-ITA1"]
[PlyCount "119"]
[EventDate "2006.05.21"]

1. e4 c5 2. Nf3 d6 3. c3 Nf6 4. Be2 Nbd7 5. d3 g6 6. O-O Bg7 7. Re1 O-O 8. Bf1
a6 9. a4 b6 10. d4 Bb7 11. Nbd2 cxd4 12. cxd4 Rc8 13. Bd3 Rc7 14. Nb1 e5 15. d5
Nc5 16. Bc2 Qc8 17. Nc3 h6 18. h3 Nh7 19. Be3 Qd8 20. Qd2 g5 21. g4 Re8 22. Ne2
a5 23. Ng3 Ba6 24. b4 axb4 25. Qxb4 Nf6 26. Qxb6 Nfd7 27. Qa5 Qc8 28. Rac1 Bc4
29. Nf5 Bf8 30. Nd2 Nb7 31. Qb4 Bd3 32. Bxd3 Rxc1 33. Rxc1 Qxc1+ 34. Kg2 Qc7
35. h4 f6 36. Qb1 Ndc5 37. Bb5 Ra8 38. Bc6 Rb8 39. Qh1 Na5 40. Bb5 Ncb7 41.
hxg5 hxg5 42. Nf3 Qh7 43. Qc1 Nc5 44. Bxc5 Nb3 45. Qc4 Nxc5 46. Bc6 Rb1 47. Ng3
Qa7 48. Nh5 Kf7 49. Bb5 Qa5 50. Nxg5+ fxg5 51. Qc2 Rb4 52. Ng3 Be7 53. Qd1 Qd8
54. Qh1 Bf8 55. Qh5+ Kg8 56. Qg6+ Bg7 57. Nf5 Qc7 58. Nh6+ Kh8 59. Nf7+ Kg8 60.
Nh6+ 1/2-1/2

[Event "XXXVII Olimpiadi femminile"]
[Site "Torino ITA"]
[Date "2006.05.28"]
[Round "7.3"]
[White "Vasquez Ramirez, Rocio"]
[Black "Santurbano, Maria Vincenza"]
[Result "1-0"]
[WhiteElo "2252"]
[BlackElo "1965"]
[Annotator "ECU-ITA1"]
[PlyCount "64"]
[EventDate "2006.05.21"]

1. e4 e5 2. Nf3 Nc6 3. Bb5 a6 4. Bxc6 dxc6 5. O-O f6 6. d4 exd4 7. Nxd4 c5 8.
Nb3 Qxd1 9. Rxd1 Bg4 10. f3 Bd7 11. Bf4 O-O-O 12. c4 h5 13. Nc3 g5 14. Be3 b6
15. Nd5 Bh6 16. Bxc5 bxc5 17. Nxc5 Rh7 18. Nxa6 Bc6 19. Nab4 Bb7 20. c5 c6 21.
Nb6+ Kc7 22. Rxd8 Kxd8 23. a4 g4 24. Kf2 Bf8 25. Rc1 Kc7 26. a5 Kb8 27. a6 Ba8
28. Nd3 Ka7 29. b4 Nh6 30. Nf4 Nf7 31. Rd1 Nd6 32. Ne6 Bh6 1-0

[Event "XXXVII Olimpiadi femminile"]
[Site "Torino ITA"]
[Date "2006.05.28"]
[Round "7.1"]
[White "Muzychuk, Anna"]
[Black "Delgado Crespo, Mairelys"]
[Result "1-0"]
[WhiteElo "2418"]
[BlackElo "2296"]
[Annotator "SLO-ESP"]
[PlyCount "47"]
[EventDate "2006.05.21"]

1. e4 e6 2. d4 d5 3. Nc3 dxe4 4. Nxe4 Nd7 5. Nf3 Be7 6. Bd3 Ngf6 7. c4 c5 8.
Be3 cxd4 9. Bxd4 Nxe4 10. Bxe4 Nf6 11. Bc2 Bb4+ 12. Kf1 Qc7 13. Qe2 Bd7 14. Ne5
Rc8 15. Rd1 O-O 16. h4 b5 17. Rh3 Rfd8 18. Rg3 Bc5 19. Bc3 b4 20. Nxd7 Rxd7 21.
Bxf6 Rxd1+ 22. Bxd1 Qxg3 23. fxg3 gxf6 24. Qd3 1-0

[Event "XXXVII Olimpiadi femminile"]
[Site "Torino ITA"]
[Date "2006.05.28"]
[Round "7.2"]
[White "Llaneza Vega, Patricia"]
[Black "Srebrnic, Ana"]
[Result "0-1"]
[WhiteElo "2276"]
[BlackElo "2302"]
[Annotator "SLO-ESP"]
[PlyCount "72"]
[EventDate "2006.05.21"]

1. e4 e5 2. Nf3 Nf6 3. Nxe5 d6 4. Nf3 Nxe4 5. Nc3 Nxc3 6. dxc3 Be7 7. Bf4 O-O
8. Qd2 Nd7 9. O-O-O Nc5 10. h4 Re8 11. Ng5 h6 12. Bc4 hxg5 13. hxg5 Be6 14. Rh2
f5 15. Rdh1 Kf7 16. Qe2 Bxc4 17. Qxc4+ d5 18. Qe2 Bd6 19. g6+ Kf6 20. Qd2 Bxf4
21. Qxf4 Re4 22. Qd2 Qe7 23. Rh5 Qe5 24. g4 Rxg4 25. f3 Rf4 26. Re1 Qd6 27. Qg2
Ne6 28. Qh1 a5 29. Rh8 Rxh8 30. Qxh8 Rxf3 31. Qg8 Ng5 32. b3 Qf4+ 33. Kb2 Rf1
34. Qd8+ Kxg6 35. Qe8+ Kh6 36. Qh8+ Nh7 0-1

[Event "XXXVII Olimpiadi femminile"]
[Site "Torino ITA"]
[Date "2006.05.28"]
[Round "7.3"]
[White "Krivec, Jana"]
[Black "Hernandez Estevez, Yudania"]
[Result "1/2-1/2"]
[WhiteElo "2323"]
[BlackElo "2262"]
[Annotator "SLO-ESP"]
[PlyCount "97"]
[EventDate "2006.05.21"]

1. e4 d6 2. d4 Nf6 3. Nc3 g6 4. Bg5 Bg7 5. e5 dxe5 6. dxe5 Ng4 7. Qe2 Nxe5 8.
f4 Nec6 9. Rd1 Nd4 10. Qf2 c5 11. Bb5+ Nbc6 12. Nf3 O-O 13. Bxc6 bxc6 14. O-O
Bg4 15. Ne4 Qd5 16. Nc3 Qd7 17. Na4 Rad8 18. Kh1 Bxf3 19. gxf3 f6 20. Nxc5 Qf5
21. Rxd4 fxg5 22. Rxd8 Rxd8 23. Nd3 c5 24. Qe3 gxf4 25. Qxe7 Bf6 26. Qxc5 Qxc5
27. Nxc5 Bxb2 28. Nd3 Bd4 29. Nxf4 Rc8 30. Ne2 Be3 31. c3 Rb8 32. Ng3 Rb2 33.
Re1 Bd2 34. Re7 Rxa2 35. Ne4 Bf4 36. Nf6+ Kf8 37. Rxh7 a5 38. Nd5 Bc1 39. Ra7
a4 40. Nb4 Ra3 41. Kg2 Bd2 42. Nd5 Ra2 43. Kg3 a3 44. Nb4 Be1+ 45. Kh3 Rf2 46.
Rxa3 Rxf3+ 47. Kg4 Rxc3 48. Rxc3 Bxc3 49. Nd5 1/2-1/2

[Event "XXXVII Olimpiadi femminile"]
[Site "Torino ITA"]
[Date "2006.05.28"]
[Round "7.1"]
[White "Mkrtchian, Lilit"]
[Black "Azarova, Nadezhda"]
[Result "1-0"]
[WhiteElo "2453"]
[BlackElo "2281"]
[Annotator "ARM-BLR"]
[PlyCount "105"]
[EventDate "2006.05.21"]

1. c4 Nf6 2. Nc3 e6 3. e4 d5 4. e5 d4 5. exf6 dxc3 6. bxc3 Qxf6 7. d4 c5 8. Nf3
h6 9. Bd3 Nc6 10. O-O Bd6 11. Be3 cxd4 12. cxd4 O-O 13. Rb1 Rd8 14. Be4 Qe7 15.
Qa4 Qc7 16. c5 Bf8 17. g3 Ne7 18. Bf4 Qd7 19. Qb3 Nd5 20. Bd2 b6 21. Rfc1 f6
22. c6 Qc7 23. Bc2 Ba6 24. Nh4 Qd6 25. c7 Rdc8 26. Be4 Bb7 27. Bf4 Qd7 28. Ng6
Bd6 29. Bxd6 Qxd6 30. Nf4 Rxc7 31. Rxc7 Qxc7 32. Nxe6 Qd6 33. Nf4 Rd8 34. Re1
g5 35. Nxd5 Bxd5 36. Bxd5+ Qxd5 37. Re8+ Kg7 38. Re7+ Kf8 39. Qe3 Rd7 40. Re8+
Kg7 41. h4 Qxa2 42. h5 Qf7 43. g4 b5 44. Rb8 a6 45. Qd3 Rd5 46. Qc2 Rxd4 47.
Qc8 Rd1+ 48. Kh2 Rh1+ 49. Kxh1 Qd5+ 50. Kg1 Qd1+ 51. Kg2 Qd5+ 52. f3 Qd2+ 53.
Kh3 1-0

[Event "XXXVII Olimpiadi femminile"]
[Site "Torino ITA"]
[Date "2006.05.28"]
[Round "7.2"]
[White "Popova, Natalija"]
[Black "Danielian, Elina"]
[Result "1/2-1/2"]
[WhiteElo "2223"]
[BlackElo "2422"]
[Annotator "ARM-BLR"]
[PlyCount "56"]
[EventDate "2006.05.21"]

1. e4 c6 2. d4 d5 3. Nc3 dxe4 4. Nxe4 Bf5 5. Ng3 Bg6 6. Nf3 Nd7 7. h4 h6 8. h5
Bh7 9. Bd3 Bxd3 10. Qxd3 Qc7 11. Bd2 e6 12. O-O-O Ngf6 13. Qe2 O-O-O 14. Ne5
Nb6 15. Ba5 Rd5 16. Bxb6 axb6 17. c4 Ra5 18. Kb1 Bd6 19. f4 Kb8 20. Ne4 Nxe4
21. Qxe4 b5 22. c5 Bxe5 23. Qxe5 Rd8 24. g3 Qxe5 25. dxe5 Rxd1+ 26. Rxd1 Kc7
27. Rd4 Ra7 28. a3 Ra6 1/2-1/2

[Event "XXXVII Olimpiadi femminile"]
[Site "Torino ITA"]
[Date "2006.05.28"]
[Round "7.3"]
[White "Aginian, Nelly"]
[Black "Berlin, Tatiana"]
[Result "0-1"]
[WhiteElo "2332"]
[BlackElo "2207"]
[Annotator "ARM-BLR"]
[PlyCount "154"]
[EventDate "2006.05.21"]

1. e4 e5 2. Nf3 Nc6 3. Bb5 Nf6 4. d3 d6 5. c3 Bd7 6. Ba4 g6 7. O-O Bg7 8. Nbd2
O-O 9. Re1 Nh5 10. Nf1 h6 11. Ng3 Nxg3 12. fxg3 Kh7 13. Rf1 Ne7 14. Bb3 c6 15.
d4 Qc7 16. Be3 Be8 17. Qe2 Rd8 18. Rad1 b6 19. Qd2 Rd7 20. Qe2 Ng8 21. Rd2 Nf6
22. Bf2 c5 23. dxe5 dxe5 24. Rfd1 Rxd2 25. Rxd2 Bc6 26. Bd5 Re8 27. c4 Nxd5 28.
cxd5 Bd7 29. Nh4 Qd6 30. Qa6 Qb8 31. Be3 Bc8 32. Qb5 Bb7 33. a4 Rd8 34. a5 Qc7
35. axb6 axb6 36. b4 cxb4 37. Qxb6 Qxb6 38. Bxb6 Rd7 39. Rb2 f5 40. exf5 gxf5
41. Nxf5 Bf8 42. d6 Be4 43. Ne3 Bxd6 44. Nc4 Be7 45. Nxe5 Rd1+ 46. Kf2 Bd5 47.
Ng4 Ra1 48. Bd4 b3 49. Rxb3 Ra4 50. Re3 Bg5 51. Rd3 Be4 52. Rd1 Bc2 53. Ra1
Rxd4 54. Ra7+ Kg6 55. Ne5+ Kf5 56. Nf3 Re4 57. Ra3 Be7 58. Rc3 Ba4 59. h3 Bb4
60. Rc8 Bb5 61. Kg1 Bd6 62. Kh2 Be2 63. Rc3 Ra4 64. Nd2 Ra2 65. Nf3 Ke4 66. Rb3
Bf1 67. Nh4 Be7 68. Kg1 Ra1 69. Rb8 Bc5+ 70. Kh2 Be2 71. Re8+ Kd3 72. Nf3 Ra2
73. Rd8+ Ke3 74. Ng1 Bf1 75. Rc8 Bxg2 76. Rxc5 Bf3+ 77. Ne2 Rxe2+ 0-1

[Event "XXXVII Olimpiadi femminile"]
[Site "Torino ITA"]
[Date "2006.05.28"]
[Round "7.1"]
[White "Reizniece, Dana"]
[Black "Aketayeva, Dana"]
[Result "1-0"]
[WhiteElo "2287"]
[BlackElo "2328"]
[Annotator "LAT-KAZ"]
[PlyCount "109"]
[EventDate "2006.05.21"]

1. c4 e6 2. g3 Nf6 3. Bg2 d5 4. Nf3 Be7 5. O-O O-O 6. b3 c5 7. Bb2 Nc6 8. e3 b6
9. Nc3 Bb7 10. Qe2 Rc8 11. d3 Qc7 12. cxd5 exd5 13. Rfd1 Ba6 14. Rac1 Rfd8 15.
a4 Qd7 16. Ba1 Nb4 17. Ne5 Qe8 18. Na2 Nc6 19. Nxc6 Rxc6 20. Nc3 Rcd6 21. Nb1
Bf8 22. Qb2 Ng4 23. h3 Nf6 24. Na3 Re6 25. Nc2 b5 26. axb5 Qxb5 27. d4 c4 28.
bxc4 Qxc4 29. Ne1 Qa4 30. Qd2 Ne4 31. Bxe4 Rxe4 32. Bc3 Qd7 33. Nf3 Ree8 34. h4
f6 35. Bb4 Bxb4 36. Qxb4 Be2 37. Nd2 Bxd1 38. Rxd1 Rb8 39. Qa5 Rb2 40. Rc1 Rb5
41. Qa2 Reb8 42. Kg2 Rb2 43. Qa5 R8b5 44. Qc3 Qb7 45. Qd3 Ra2 46. Qf5 Rb6 47.
Rc8+ Kf7 48. Qh5+ Ke6 49. Re8+ Kd6 50. Ne4+ Kc6 51. Nc5 Qc7 52. Re6+ Kb5 53.
Qxd5 Kb4 54. Qb3+ Ka5 55. Qxa2+ 1-0

[Event "XXXVII Olimpiadi femminile"]
[Site "Torino ITA"]
[Date "2006.05.28"]
[Round "7.3"]
[White "Safranska, Anda"]
[Black "Dauletova, Gulmira"]
[Result "1/2-1/2"]
[WhiteElo "2279"]
[BlackElo "2144"]
[Annotator "LAT-KAZ"]
[PlyCount "76"]
[EventDate "2006.05.21"]

1. Nf3 Nf6 2. g3 g6 3. Bg2 Bg7 4. d3 O-O 5. e4 d6 6. O-O c5 7. Re1 Nc6 8. c3
Rb8 9. Nbd2 b5 10. a3 a5 11. h3 b4 12. axb4 axb4 13. d4 bxc3 14. bxc3 cxd4 15.
cxd4 Bb7 16. Ra4 Qc7 17. d5 Na5 18. Ba3 Ba8 19. Nd4 Nd7 20. Qc1 Qb6 21. Rb4 Qd8
22. Rxb8 Qxb8 23. Bb2 Rc8 24. Qa1 Qb4 25. N2f3 Nc4 26. Bc3 Qa3 27. Qxa3 Nxa3
28. Bb2 Nc4 29. Rc1 Ndb6 30. Ba1 f5 31. exf5 Bxd5 32. fxg6 hxg6 33. h4 Ra8 34.
Nb3 Ra3 35. Bxg7 Kxg7 36. Nbd2 Nxd2 37. Nxd2 Bxg2 38. Kxg2 Ra2 1/2-1/2

[Event "XXXVII Olimpiadi femminile"]
[Site "Torino ITA"]
[Date "2006.05.28"]
[Round "7.1"]
[White "Klinova, Masha"]
[Black "Chelushkina, Irina"]
[Result "1/2-1/2"]
[WhiteElo "2357"]
[BlackElo "2320"]
[Annotator "ISR-SCG"]
[PlyCount "41"]
[EventDate "2006.05.21"]

1. e4 c5 2. Nf3 e6 3. Be2 Nc6 4. O-O Nf6 5. Nc3 Be7 6. d4 cxd4 7. Nxd4 d6 8.
Be3 O-O 9. a4 e5 10. Ndb5 Be6 11. Nd5 Nxe4 12. Nxe7+ Qxe7 13. f3 Nf6 14. Qxd6
Qxd6 15. Nxd6 Nd5 16. Bf2 b6 17. Bb5 Nd4 18. c3 Nxb5 19. Nxb5 a6 20. Na3 Rab8
21. Nc2 1/2-1/2

[Event "XXXVII Olimpiadi femminile"]
[Site "Torino ITA"]
[Date "2006.05.28"]
[Round "7.2"]
[White "Maksimovic, Suzana"]
[Black "Borsuk, Angela"]
[Result "1/2-1/2"]
[WhiteElo "2295"]
[BlackElo "2341"]
[Annotator "ISR-SCG"]
[PlyCount "107"]
[EventDate "2006.05.21"]

1. d4 d6 2. e4 Nf6 3. f3 Nbd7 4. c4 e5 5. Ne2 c6 6. Nbc3 g6 7. d5 Nb6 8. Ng3 h5
9. Bd3 h4 10. Nge2 cxd5 11. cxd5 Bd7 12. Be3 Be7 13. a4 Kf8 14. a5 Nc8 15. Qd2
Kg7 16. O-O Nh5 17. Rfc1 f5 18. exf5 gxf5 19. Nb5 f4 20. Bf2 h3 21. Nc7 Rb8 22.
Bb5 Bf5 23. g4 fxg3 24. Nxg3 Nxg3 25. hxg3 Bg5 26. Be3 Bxe3+ 27. Qxe3 a6 28.
Bd3 Bd7 29. Ra4 Qf6 30. Ne6+ Bxe6 31. dxe6 Ne7 32. Rg4+ Kf8 33. f4 Qxe6 34. Rg5
Qd5 35. Be4 Qd4 36. Qxd4 exd4 37. b4 b6 38. b5 bxa5 39. bxa6 d5 40. Bxd5 Nxd5
41. Rxd5 Ke7 42. a7 Rb3 43. Rxa5 Rxg3+ 44. Kf2 Rgg8 45. Rh1 Ke6 46. a8=Q Rxa8
47. Rxa8 Rxa8 48. Rxh3 Ra2+ 49. Ke1 Kf5 50. Kd1 Kxf4 51. Rb3 Ke4 52. Rh3 d3 53.
Rh8 Ra5 54. Kd2 1/2-1/2

[Event "XXXVII Olimpiadi femminile"]
[Site "Torino ITA"]
[Date "2006.05.28"]
[Round "7.1"]
[White "Nguyen, Thi Thanh An"]
[Black "Moylan, Laura"]
[Result "1-0"]
[WhiteElo "2317"]
[BlackElo "2127"]
[Annotator "VIE-AUS"]
[PlyCount "55"]
[EventDate "2006.05.21"]

1. d4 Nf6 2. Nf3 g6 3. c4 c5 4. Nc3 cxd4 5. Nxd4 Bg7 6. e4 d6 7. Be2 Nc6 8. Be3
O-O 9. O-O Nxd4 10. Bxd4 Be6 11. Qd2 a6 12. Rad1 Rc8 13. b3 Nd7 14. f4 Bxd4+
15. Qxd4 Nf6 16. f5 Bd7 17. g4 g5 18. h4 h6 19. hxg5 hxg5 20. Rf2 Qa5 21. Qd2
Nh7 22. Nd5 Qd8 23. f6 exf6 24. Nxf6+ Kg7 25. Nh5+ Kg8 26. Qxd6 Be6 27. Qe5 f6
28. Qxe6+ 1-0

[Event "XXXVII Olimpiadi femminile"]
[Site "Torino ITA"]
[Date "2006.05.28"]
[Round "7.2"]
[White "Caoili, Arianne"]
[Black "Le, Thanh Tu"]
[Result "0-1"]
[WhiteElo "2169"]
[BlackElo "2239"]
[Annotator "VIE-AUS"]
[PlyCount "92"]
[EventDate "2006.05.21"]

1. c4 e5 2. Nc3 Nf6 3. g3 d5 4. cxd5 Nxd5 5. Bg2 Nb6 6. Nf3 Nc6 7. O-O Be7 8.
d3 g5 9. Be3 g4 10. Nd2 Be6 11. Na4 Bd5 12. Be4 h5 13. Nc5 Bxc5 14. Bxc5 h4 15.
Bf5 Qg5 16. e4 Be6 17. f4 gxf3 18. Nxf3 Qg7 19. Bxe6 fxe6 20. Qb3 O-O-O 21.
Qxe6+ Kb8 22. g4 Rh6 23. Qf5 Rf6 24. Qg5 Rg6 25. Qe3 Rxg4+ 26. Kh1 Nd7 27. Ba3
Nf6 28. Rg1 Qd7 29. Rad1 Rdg8 30. b4 a6 31. Bb2 Qe6 32. a4 Nh5 33. b5 Nd4 34.
Bxd4 exd4 35. Nxd4 Qd7 36. Nf5 axb5 37. axb5 Qxb5 38. Rxg4 Rxg4 39. Ra1 Qb2 40.
Qa7+ Kc8 41. Qa8+ Kd7 42. Qa4+ c6 43. Ne3 Nf4 44. Rf1 h3 45. Qc4 Qg2+ 46. Nxg2
hxg2+ 0-1

[Event "XXXVII Olimpiadi femminile"]
[Site "Torino ITA"]
[Date "2006.05.28"]
[Round "7.3"]
[White "Pham, Bich Ngoc"]
[Black "Phan-Koshnitsky, Ngan"]
[Result "1-0"]
[WhiteElo "2080"]
[BlackElo "2181"]
[Annotator "VIE-AUS"]
[PlyCount "101"]
[EventDate "2006.05.21"]

1. c4 Nf6 2. g3 g6 3. Bg2 Bg7 4. Nc3 O-O 5. d4 d6 6. e4 Nc6 7. Nge2 e5 8. d5
Ne7 9. O-O Nd7 10. Be3 f5 11. Qd2 Nf6 12. f3 Kh8 13. Rac1 Neg8 14. c5 Ne8 15.
b4 Ngf6 16. h3 b6 17. Rc2 Nd7 18. Rfc1 Ba6 19. a4 Rf7 20. a5 bxc5 21. bxc5 Nxc5
22. Bxc5 dxc5 23. Na4 fxe4 24. fxe4 Bf8 25. Nxc5 Bxc5+ 26. Rxc5 Nd6 27. Qb2
Bxe2 28. Qxe2 Rb8 29. Kh2 Rb3 30. Qc2 Rb5 31. Qc3 Re7 32. Rc6 Qb8 33. Rc2 Rb3
34. Qd2 Ne8 35. Qg5 Qd8 36. Re6 Rd7 37. Qxe5+ Ng7 38. Rec6 Qe8 39. Qxe8+ Nxe8
40. e5 Kg7 41. Re6 Rd8 42. Rf2 Rb5 43. Re7+ Kg8 44. Ref7 Ng7 45. Rxc7 Rxa5 46.
Rff7 Nf5 47. Rxa7 Rxa7 48. Rxa7 Re8 49. e6 Rb8 50. g4 Nd6 51. Ra6 1-0

[Event "XXXVII Olimpiadi femminile"]
[Site "Torino ITA"]
[Date "2006.05.28"]
[Round "7.1"]
[White "Skripchenko, Almira"]
[Black "Medic, Mirjana"]
[Result "1-0"]
[WhiteElo "2423"]
[BlackElo "2239"]
[Annotator "FRA-CRO"]
[PlyCount "85"]
[EventDate "2006.05.21"]

1. e4 e6 2. d4 d5 3. Nc3 dxe4 4. Nxe4 Nd7 5. Bd3 Ngf6 6. Qe2 Nxe4 7. Bxe4 c5 8.
d5 Nf6 9. dxe6 fxe6 10. Bd3 a6 11. Bg5 Qa5+ 12. Bd2 Qb6 13. O-O-O Bd7 14. Nf3
Be7 15. Ne5 Bb5 16. c4 Ba4 17. Rde1 Rf8 18. f4 O-O-O 19. g4 g6 20. h4 Kb8 21.
h5 gxh5 22. g5 Ng4 23. Nxg4 hxg4 24. Bxh7 Bc6 25. Rhg1 Bf3 26. Qxe6 Bd6 27. Bf5
Qc7 28. Bxg4 Bxf4 29. Bxf4 Qxf4+ 30. Kb1 Ka7 31. Bxf3 Qxf3 32. Qe5 Qd3+ 33. Ka1
Rf5 34. Qg3 Rf3 35. Qg4 Rf2 36. Rb1 Rd4 37. Qc8 Qxc4 38. g6 Rdd2 39. g7 Rxb2
40. Qb8+ Kb6 41. Rxb2+ Rxb2 42. Qd6+ Ka7 43. Kxb2 1-0